[Event "Sardinia World op-C"]
[Site "Orosei"]
[Date "2024.05.04"]
[Round "9"]
[White "Krishnan, Vishwanathan"]
[Black "Ozdogan, Ertan"]
[Result "0-1"]
[WhiteElo "1575"]
[BlackElo "1399"]
[PlyCount "22"]
[EventDate "2024.04.27"]
[EventType "swiss"]
[EventRounds "9"]
[EventCountry "ITA"]
[SourceTitle "EXT 2025"]
[Source "ChessBase"]
[SourceDate "2024.10.14"]
[SourceVersion "1"]
[SourceVersionDate "2024.10.14"]
[SourceQuality "1"]

1. d4 Nf6 2. c4 e6 3. Bg5 Be7 4. e3 0-0 5. Nf3 c5 6. d5 Qb6 7. dxe6 dxe6 8. Qc2 Nc6 9. Be2 Nb4 10. Qb3 a5 11. Nc3 Bd7 0-1